000 01596nam a2200241Ia 4500
003 Ost
005 20260507075321.0
008 260507s9999||||xx |||||||||||||| ||und||
040 _cfsecg
041 _aara
082 _a174.4
100 _aحبيب، كميل
_eمؤلف
245 0 _aأخلاقيات الأعمال الادارية و الاقتصادية في عالم متغير /
_c كميل حبيب
250 _aطبعة 2 مزيدة و منقحة
260 _aلبنان:
_bالمؤسسة الحديثة للكتاب,
_c2010
300 _a282 صفحة؛
_c21 سم
504 _aملاحق ص.253 ببليوغرافيا: ص.280-282
520 _aالتطور الفكري لمبدأ الاخلاقيات في الاعمال ، القيم الأخلاقية في العمل، الادارة الاخلاقية و الاخلاقيات في الادارة العامة ، مبادئ أخلاقية في أعمال الشركة و المؤسسة، الاخلاقيات في العمل السياسي، الشفافية و المساءلة، الحداثة و الاخلاقيات في الاعمال، أخلاقيات التسويق، الخصخصة و الاجراءات الأخلاقية في الأعمال، أخلاقيات العمل الاعلامي، العولمة بأبعادها الاقتصادية و السياسية و الثقافية، العولمة و الاخلاقيات في الاعمال
653 _aإدارة الأعمال
653 _aالأخلاق المهنية
700 _aبولس، جان
_eمؤلف ثانوي
942 _cكتاب
999 _c43924
_d43924